000 00660nam a2200253Ia 4500
003 OSt
005 20221005051737.0
006 a|||||r|||| 00| 0
007 ta
008 221004b |||||||| |||| 00| 0 eng d
024 _a30892
037 _cTextual
040 _aCRL
_cCRL
_beng
041 _2eng
_aeng
082 _a2, M6
100 _aClair Guy St
_923651
245 0 _aManaging the one person library
260 _aLondon
_bButterworth
_c1986
300 _a178p.
_ccm.
650 _aLIBRARY SCIENCE
700 _a Willimson Joan
_9596345
942 _h2, M6
_cTEXL
_2cc
999 _c959269
_d959269